000
00289nam a2200109Ia 4500
008
190216s9999||||xx |||||||||||||| ||und||
100
_a
"Frankman,Sharma"
245
0
_a
Careers General Knowledge Digest&General Studies
260
_b
Brilliance College
650
_a
References
942
_c
REF
999
_c
35622
_d
35622